Normal view
MARC view
Entry Topical Term
001 - CONTROL NUMBER
- control field: 23102
003 - CONTROL NUMBER IDENTIFIER
- control field: OSt
005 - DATE AND TIME OF LATEST TRANSACTION
- control field: 20250326072431.0
008 - FIXED-LENGTH DATA ELEMENTS
- fixed length control field: 250326|| aca||aabn | a|a d
040 ## - CATALOGING SOURCE
- Original cataloging agency: OSt
- Transcribing agency: OSt
150 ## - HEADING--TOPICAL TERM
- Topical term or geographic name entry element: Cooking (breadfruit)
670 ## - SOURCE DATA FOUND
- Source citation: Work cat.: (OSt)6753: Corpus, Arlene May G. 21810, Breadnut vs. breadfruit:, 2017.